Staffing the contemporary organization :a guide to planning, recruiting, and selecting for human resource professionals -(E-BOOK) (Record no. 192682)

000 -LEADER
fixed length control field 01690 a2200337 4500
003 - CONTROL NUMBER IDENTIFIER
control field Nust
005 - DATE AND TIME OF LATEST TRANSACTION
control field 20170207154042.0
010 ## - LIBRARY OF CONGRESS CONTROL NUMBER
LC control number 2008032612
020 ## - INTERNATIONAL STANDARD BOOK NUMBER
International Standard Book Number 0313356149 (alk. paper)
020 ## - INTERNATIONAL STANDARD BOOK NUMBER
International Standard Book Number 031335670X ((pbk.) : alk. paper)
020 ## - INTERNATIONAL STANDARD BOOK NUMBER
International Standard Book Number 9780313356148 (alk. paper)
020 ## - INTERNATIONAL STANDARD BOOK NUMBER
International Standard Book Number 9780313356704 ((pbk.) : alk. paper)
035 ## - SYSTEM CONTROL NUMBER
System control number (OCoLC)233543973
035 ## - SYSTEM CONTROL NUMBER
System control number (OCoLC)ocn233543973
040 ## - CATALOGING SOURCE
Transcribing agency Nust
082 00 - DEWEY DECIMAL CLASSIFICATION NUMBER
Classification number 658.3
100 1# - MAIN ENTRY--PERSONAL NAME
Personal name Caruth, Donald L.
245 10 - TITLE STATEMENT
Title Staffing the contemporary organization :a guide to planning, recruiting, and selecting for human resource professionals -(E-BOOK)
Statement of responsibility, etc. Donald L. Caruth, Gail D. Caruth, and Stephanie S. Pane.
250 ## - EDITION STATEMENT
Edition statement 3rd ed.
260 ## - PUBLICATION, DISTRIBUTION, ETC.
Place of publication, distribution, etc. Westport, Conn. :
Name of publisher, distributor, etc. Praeger Publishers,
Date of publication, distribution, etc. 2009.
300 ## - PHYSICAL DESCRIPTION
Extent xiii, 335 p. :
Other physical details ill. ;
Dimensions 25 cm.
505 0# - FORMATTED CONTENTS NOTE
Formatted contents note Staffing : an overview (Page-1) Staffing legislation and regulation (Page-19) Significant federal court decisions (Page-45) EEOC compliance and affirmative action programs (Page-72) Job analysis (Page-96) Human resource planning (Page-116) The recruiting process (Page-135) The selecting process (Page-159) Selection tests(Page-185) Employment interviewing (Page-204) Performance appraisal (Page-229) Career planning and development (Page-260) Staffing system administration (Page-269) Evaluating the staffing function. (Page-306)
650 #0 - SUBJECT ADDED ENTRY--TOPICAL TERM
Topical term or geographic name entry element Employee selection.
650 #0 - SUBJECT ADDED ENTRY--TOPICAL TERM
Topical term or geographic name entry element Employees
General subdivision Recruiting.
650 #0 - SUBJECT ADDED ENTRY--TOPICAL TERM
Topical term or geographic name entry element Manpower planning.
650 #0 - SUBJECT ADDED ENTRY--TOPICAL TERM
Topical term or geographic name entry element Personnel management.
651 ## - SUBJECT ADDED ENTRY--GEOGRAPHIC NAME
Geographic name E-BOOK
700 1# - ADDED ENTRY--PERSONAL NAME
Personal name Caruth, Gail D.,
Dates associated with a name 1954-
700 1# - ADDED ENTRY--PERSONAL NAME
Personal name Pane, Stephanie S.,
Dates associated with a name 1976-
856 41 - ELECTRONIC LOCATION AND ACCESS
Materials specified Table of contents only
Uniform Resource Identifier <a href="http://www.loc.gov/catdir/toc/ecip0824/2008032612.html">http://www.loc.gov/catdir/toc/ecip0824/2008032612.html</a>
942 ## - ADDED ENTRY ELEMENTS (KOHA)
Source of classification or shelving scheme
Koha item type Book
Holdings
Withdrawn status Lost status Source of classification or shelving scheme Damaged status Not for loan Collection code Permanent Location Current Location Date acquired Total Checkouts Full call number Barcode Date last seen Price effective from Koha item type
            Military College of Signals (MCS) Military College of Signals (MCS) 12/12/2016   658.3 CAR MCSEB-2252 12/08/2016 12/12/2016 Book
© 2023 Central Library, National University of Sciences and Technology. All Rights Reserved.